| 000 | 00887cam a2200205 4500 | ||
|---|---|---|---|
| 001 | WB3901-35 | ||
| 008 | 030103n2002 000 0 eng u | ||
| 035 | _a(Sirsi) u120894 | ||
| 245 | _aFunding boost for Scottish farmers | ||
| 260 | _c2002 | ||
| 490 |
_aScottish Executive Press Release _v27 December 2002, (5) |
||
| 520 | _aFunding worth £884 000 will be made available under the Agricultural and Farm Business Development Schemes to help farming families across Scotland. The funding will support 40 diversification projects and 21 investment in holdings projects, allowing farming families to remain within the agricultural sector. www.scotland.gov.uk/pages/news/2002/12/SEen282.aspx | ||
| 590 | _aWB | ||
| 650 | _aFARM BUSINESS DEVELOPMENT SCHEME | ||
| 650 | _aSCOTLAND | ||
| 650 | _aFARMERS | ||
| 650 | _aFARM DIVERSIFICATION | ||
| 690 |
_aRural _96268 |
||
| 942 | _n0 | ||
| 999 |
_c71861 _d71861 |
||